| 000 | 00792cab a2200265 4500 | ||
|---|---|---|---|
| 001 | ABS51270 | ||
| 008 | 090401t1994 xxu||||| |||| 00| 0 eng d | ||
| 035 | _a(Sirsi) u18622 | ||
| 041 | _aeng | ||
| 100 | _aWood, A.A. | ||
| 245 | _aDebate : contaminated sites are being over-engineered | ||
| 260 | _c1994 | ||
| 350 | _a0 | ||
| 490 |
_aProceedings of the Institution of Civil Engineers _v(102) August 1994, 97-105(9) |
||
| 520 | _aGives the arguments for and against the current approach to remedial work on contaminated sites. References. | ||
| 650 | _aCONTAMINATED LAND | ||
| 650 | _aLAND RECLAMATION | ||
| 650 | _aLANDFILL GAS | ||
| 650 | _aLANDFILL SITES | ||
| 650 | _aREMEDIAL WORK | ||
| 690 | _aLAND | ||
| 700 | _aGriffiths, C.M. | ||
| 942 | _n0 | ||
| 948 | _c04/03/1997 | ||
| 999 |
_c12395 _d12395 |
||